Problematika spotrebiteľa v kontexte Európskej únie - ochrana, vzdelávanie, trendy v spotrebe

Vymedzenie spotrebiteľa a jeho postavenie v európskom priestore. Charakteristika európskeho spotrebiteľa, jeho právna ochrana a spotrebiteľské vzdelávanie. Inštitucionálne zabezpečenie ochrany a vzdelávania spotrebiteľov v EÚ. Tendencie a smerovanie správania sa eurospotrebiteľa.

Uložené v:
Podrobná bibliografia
Hlavný autor: Lattová, Barbora
Médium: Kapitola
Jazyk:Slovak
Predmet:
Tagy: Pridať tag
Žiadne tagy, Buďte prvý, kto otaguje tento záznam!

MARC

LEADER 00000naa$a2200000$$$4500
001 0180686
005 20240507075401.6
041 0 |a slo 
044 |a SK 
245 1 0 |a Problematika spotrebiteľa v kontexte Európskej únie - ochrana, vzdelávanie, trendy v spotrebe  |c Barbora Lattová 
520 |a Vymedzenie spotrebiteľa a jeho postavenie v európskom priestore. Charakteristika európskeho spotrebiteľa, jeho právna ochrana a spotrebiteľské vzdelávanie. Inštitucionálne zabezpečenie ochrany a vzdelávania spotrebiteľov v EÚ. Tendencie a smerovanie správania sa eurospotrebiteľa. 
610 2 0 |a spotrebitelia 
610 2 0 |a ochrana spotrebiteľa 
610 2 0 |a správanie spotrebiteľa 
610 2 0 |a Európska únia 
610 2 0 |a vzdelávanie 
100 1 |a Lattová, Barbora